[Event "DVM U10 2023"]
[Site "Magdeburg GER"]
[Date "2023.12.27"]
[Round "1"]
[White "Weiß, Jonas"]
[Black "Reuscher, Joel David"]
[Result "1-0"]
[Termination "normal"]
[Board "13.2"]
[WhiteElo "1167"]
[BlackElo "1010"]
[WhiteClock "00:41:02"]
[BlackClock "00:43:36"]
[WhiteTeam "SF München"]
[BlackTeam "Schachfüchse Kempen 1986"]
[PlyCount "57"]
[WhiteFideId "34637168"]
[EventCountry "GER"]
[EventRounds "7"]
[EventType "team-swiss"]
[EventDate "2023.12.27"]

1. e4 {[%clk 00:55:09]} e5 {[%clk 00:54:24]} {[%emt 00:00:46]} 2. Nf3 {[%clk
00:55:08]} {[%emt 00:00:07]} Nc6 {[%clk 00:54:13]} {[%emt 00:00:14]} 3. Bc4
{[%clk 00:55:07]} {[%emt 00:00:07]} Bc5 {[%clk 00:54:04]} {[%emt 00:00:14]} 4.
c3 {[%clk 00:55:07]} {[%emt 00:00:05]} Nf6 {[%clk 00:53:49]} {[%emt 00:00:19]}
5. d4 {[%clk 00:55:07]} {[%emt 00:00:06]} exd4 {[%clk 00:53:21]} {[%emt
00:00:33]} 6. cxd4 {[%clk 00:55:05]} {[%emt 00:00:08]} Bb4+ {[%clk 00:53:11]}
{[%emt 00:00:14]} 7. Nc3 {[%clk 00:55:04]} {[%emt 00:00:06]} Nxe4 {[%clk
00:52:54]} {[%emt 00:00:22]} 8. O-O {[%clk 00:55:02]} {[%emt 00:00:07]} Nxc3
{[%clk 00:52:47]} {[%emt 00:00:12]} 9. bxc3 {[%clk 00:55:00]} {[%emt 00:00:07]}
Bxc3 {[%clk 00:52:04]} {[%emt 00:00:47]} 10. Ba3 {[%clk 00:54:57]} {[%emt
00:00:09]} d6 {[%clk 00:51:36]} {[%emt 00:00:33]} 11. Rc1 {[%clk 00:54:46]}
{[%emt 00:00:16]} Ba5 {[%emt 00:00:46]} 12. d5 {[%emt 00:00:13]} Ne7 {[%emt
00:00:16]} 13. Qa4+ {[%emt 00:00:43]} c6 {[%emt 00:00:35]} 14. dxc6 {[%emt
00:00:08]} Nxc6 {[%emt 00:01:21]} 15. Bb5 {[%emt 00:00:52]} Bd7 {[%emt
00:00:33]} 16. Bxd6 {[%emt 00:01:43]} a6 {[%clk 00:46:58]} {[%emt 00:00:47]}
17. Qe4+ Ne7 {[%clk 00:46:04]} {[%emt 00:02:56]} 18. Bd3 Bc6 {[%clk 00:45:58]}
{[%emt 00:02:00]} 19. Rxc6 bxc6 {[%clk 00:45:56]} {[%emt 00:00:36]} 20. Bxe7
Qxe7 {[%clk 00:45:40]} {[%emt 00:00:11]} 21. Qxc6+ Qd7 {[%emt 00:00:42]} 22.
Qxa8+ {[%emt 00:00:40]} Bd8 {[%clk 00:45:11]} {[%emt 00:00:05]} 23. Re1+ {[%clk
00:46:43]} {[%emt 00:01:21]} Kf8 {[%clk 00:45:11]} {[%emt 00:00:05]} 24. Ne5
{[%clk 00:45:09]} {[%emt 00:01:39]} Qd4 {[%clk 00:45:03]} {[%emt 00:00:11]} 25.
Nc6 {[%clk 00:43:32]} {[%emt 00:01:44]} Qxd3 {[%clk 00:44:51]} {[%emt
00:00:17]} 26. Nxd8 {[%clk 00:42:10]} {[%emt 00:01:27]} f6 {[%clk 00:44:20]}
{[%emt 00:00:33]} 27. Nc6+ {[%clk 00:41:33]} {[%emt 00:00:45]} Kf7 {[%clk
00:44:02]} {[%emt 00:00:23]} 28. Qxh8 {[%clk 00:41:19]} {[%emt 00:00:18]} Qc3
{[%clk 00:43:36]} {[%emt 00:00:32]} 29. Qe8# {[%clk 00:41:02]} {[%emt
00:00:21]} 1-0

[Event "DVM U10 2023"]
[Site "Magdeburg GER"]
[Date "2023.12.27"]
[Round "1"]
[White "Optendrenk, Frederik"]
[Black "Teichmann, Fabian"]
[Result "0-1"]
[Termination "normal"]
[Board "13.3"]
[WhiteElo "861"]
[BlackElo "1095"]
[WhiteClock "00:04:01"]
[BlackClock "00:17:40"]
[WhiteTeam "Schachfüchse Kempen 1986"]
[BlackTeam "SF München"]
[PlyCount "161"]
[BlackFideId "34637249"]
[EventCountry "GER"]
[EventRounds "7"]
[EventType "team-swiss"]
[EventDate "2023.12.27"]

1. e4 {[%clk 00:55:09]} {[%emt 00:00:01]} e5 {[%clk 00:55:02]} {[%emt
00:00:08]} 2. Nf3 {[%clk 00:55:10]} {[%emt 00:00:04]} Nc6 {[%clk 00:54:52]}
{[%emt 00:00:15]} 3. Bc4 {[%clk 00:55:09]} {[%emt 00:00:06]} Bc5 {[%clk
00:54:50]} {[%emt 00:00:07]} 4. c3 {[%clk 00:55:07]} {[%emt 00:00:07]} Nf6
{[%clk 00:54:36]} {[%emt 00:00:19]} 5. d3 {[%clk 00:55:07]} {[%emt 00:00:05]}
h6 {[%clk 00:54:22]} {[%emt 00:00:18]} 6. O-O {[%clk 00:55:06]} {[%emt
00:00:07]} d6 {[%clk 00:54:20]} {[%emt 00:00:08]} 7. h3 {[%clk 00:55:06]}
{[%emt 00:00:04]} O-O {[%clk 00:54:11]} {[%emt 00:00:14]} 8. Re1 {[%clk
00:54:57]} {[%emt 00:00:15]} Be6 {[%clk 00:54:01]} {[%emt 00:00:13]} 9. Nbd2
{[%clk 00:54:34]} {[%emt 00:00:29]} Qd7 {[%clk 00:53:43]} {[%emt 00:00:23]} 10.
Bxe6 {[%clk 00:54:19]} {[%emt 00:00:20]} Qxe6 {[%clk 00:53:02]} {[%emt
00:00:46]} 11. Nf1 {[%clk 00:54:20]} {[%emt 00:00:05]} a6 {[%clk 00:51:29]}
{[%emt 00:01:36]} 12. Be3 {[%clk 00:53:08]} {[%emt 00:01:18]} Ba7 {[%clk
00:50:46]} {[%emt 00:00:47]} 13. Bxa7 {[%clk 00:52:07]} {[%emt 00:01:07]} Rxa7
{[%clk 00:50:39]} {[%emt 00:00:12]} 14. d4 {[%clk 00:51:55]} {[%emt 00:00:17]}
Ne7 {[%clk 00:49:51]} {[%emt 00:00:52]} 15. d5 {[%clk 00:50:50]} {[%emt
00:01:11]} Qd7 {[%clk 00:49:42]} {[%emt 00:00:13]} 16. Ng3 {[%clk 00:50:20]}
{[%emt 00:00:36]} c6 {[%clk 00:49:25]} {[%emt 00:00:22]} 17. c4 {[%clk
00:50:02]} {[%emt 00:00:24]} b5 {[%clk 00:49:11]} {[%emt 00:00:17]} 18. b3
{[%clk 00:50:02]} {[%emt 00:00:07]} a5 {[%clk 00:48:52]} {[%emt 00:00:23]} 19.
a4 {[%clk 00:49:11]} {[%emt 00:00:56]} bxc4 {[%clk 00:47:48]} {[%emt 00:01:08]}
20. bxc4 {[%clk 00:48:53]} {[%emt 00:00:24]} Rb7 {[%clk 00:47:06]} {[%emt
00:00:47]} 21. Qd2 {[%clk 00:46:27]} {[%emt 00:02:30]} Rb4 {[%clk 00:46:52]}
{[%emt 00:00:17]} 22. Qd3 {[%clk 00:43:30]} {[%emt 00:03:05]} Rb2 {[%clk
00:44:37]} {[%emt 00:02:20]} 23. Qc3 {[%clk 00:42:07]} {[%emt 00:01:29]} Rfb8
{[%clk 00:44:12]} {[%emt 00:00:28]} 24. Qxa5 {[%clk 00:40:27]} {[%emt
00:01:46]} cxd5 {[%clk 00:43:47]} {[%emt 00:00:30]} 25. cxd5 {[%clk 00:39:34]}
{[%emt 00:00:58]} h5 {[%clk 00:42:27]} {[%emt 00:01:25]} 26. Qc3 {[%clk
00:37:49]} {[%emt 00:01:50]} Qa7 {[%clk 00:42:04]} {[%emt 00:00:24]} 27. Qe3
{[%clk 00:35:07]} {[%emt 00:02:51]} Qb7 {[%clk 00:41:35]} {[%emt 00:00:31]} 28.
Qc1 {[%clk 00:34:02]} {[%emt 00:01:14]} Qb6 {[%clk 00:41:09]} {[%emt 00:00:29]}
29. Rf1 {[%clk 00:32:51]} {[%emt 00:01:17]} Rc8 {[%clk 00:40:31]} {[%emt
00:00:41]} 30. Qe1 {[%clk 00:30:44]} {[%emt 00:02:14]} Rcc2 {[%clk 00:40:22]}
{[%emt 00:00:13]} 31. a5 {[%clk 00:29:16]} {[%emt 00:01:34]} Qa7 {[%clk
00:39:56]} {[%emt 00:00:30]} 32. a6 {[%clk 00:28:15]} {[%emt 00:01:07]} Nc8
{[%clk 00:39:41]} {[%emt 00:00:19]} 33. Nh4 {[%clk 00:26:12]} {[%emt 00:02:08]}
g6 {[%clk 00:38:10]} {[%emt 00:01:37]} 34. Nf3 {[%clk 00:24:52]} {[%emt
00:01:24]} Qb6 {[%clk 00:38:02]} {[%emt 00:00:12]} 35. Ra3 {[%clk 00:21:49]}
{[%emt 00:03:09]} Na7 {[%clk 00:36:44]} {[%emt 00:01:24]} 36. Qe3 {[%clk
00:20:30]} {[%emt 00:01:23]} Qxe3 {[%clk 00:36:21]} {[%emt 00:00:29]} 37. Rxe3
{[%clk 00:20:17]} {[%emt 00:00:18]} Ra2 {[%clk 00:36:04]} {[%emt 00:00:21]} 38.
Rb3 {[%clk 00:20:03]} {[%emt 00:00:20]} Rxa6 {[%clk 00:35:10]} {[%emt
00:00:59]} 39. Rb8+ {[%clk 00:19:58]} {[%emt 00:00:10]} Rc8 {[%clk 00:35:09]}
{[%emt 00:00:07]} 40. Rfb1 {[%clk 00:19:46]} {[%emt 00:00:15]} Nd7 {[%clk
00:34:39]} {[%emt 00:00:35]} 41. R8b7 {[%clk 00:17:21]} {[%emt 00:02:30]} Nc5
{[%clk 00:34:04]} {[%emt 00:00:41]} 42. Re7 {[%clk 00:16:11]} {[%emt 00:01:14]}
Kf8 {[%clk 00:34:00]} {[%emt 00:00:10]} 43. Rbb7 {[%clk 00:13:41]} {[%emt
00:02:35]} Nxb7 44. Rxb7 {[%clk 00:13:27]} Rc1+ {[%clk 00:33:31]} {[%emt
00:00:23]} 45. Kh2 {[%clk 00:12:59]} {[%emt 00:00:34]} Nc8 {[%clk 00:33:24]}
{[%emt 00:00:11]} 46. Ng5 {[%clk 00:11:43]} {[%emt 00:01:20]} Ne7 {[%clk
00:32:09]} {[%emt 00:01:21]} 47. Nh7+ {[%clk 00:10:48]} {[%emt 00:01:01]} Kg7
{[%emt 00:00:21]} 48. Rxe7 {[%emt 00:00:09]} Kxh7 {[%clk 00:31:10]} {[%emt
00:00:35]} 49. Rxf7+ {[%clk 00:10:44]} {[%emt 00:00:08]} Kg8 {[%clk 00:30:50]}
{[%emt 00:00:23]} 50. Rf6 {[%clk 00:10:15]} {[%emt 00:00:36]} Kg7 {[%clk
00:30:28]} {[%emt 00:00:26]} 51. Re6 {[%clk 00:09:55]} {[%emt 00:00:26]} Raa1
{[%clk 00:30:17]} {[%emt 00:00:17]} 52. Rxd6 {[%clk 00:09:39]} {[%emt
00:00:20]} h4 {[%clk 00:30:01]} {[%emt 00:00:20]} 53. Rd7+ {[%clk 00:09:08]}
{[%emt 00:00:37]} Kf8 {[%clk 00:29:41]} {[%emt 00:00:25]} 54. Rd6 {[%clk
00:08:07]} {[%emt 00:01:06]} hxg3+ {[%clk 00:29:30]} {[%emt 00:00:16]} 55. Kxg3
{[%clk 00:08:00]} {[%emt 00:00:11]} Rc3+ {[%clk 00:29:00]} {[%emt 00:00:36]}
56. f3 {[%clk 00:07:50]} {[%emt 00:00:15]} Re1 {[%clk 00:28:44]} {[%emt
00:00:20]} 57. Rxg6 {[%clk 00:07:40]} {[%emt 00:00:16]} Rxe4 {[%clk 00:28:10]}
{[%emt 00:00:39]} 58. Rg4 {[%clk 00:06:24]} {[%emt 00:01:21]} Re2 {[%clk
00:27:02]} {[%emt 00:01:09]} 59. Kh4 {[%clk 00:05:44]} {[%emt 00:00:49]} Rd2
{[%clk 00:26:54]} {[%emt 00:00:13]} 60. Re4 {[%clk 00:05:30]} {[%emt 00:00:18]}
Rxd5 {[%clk 00:26:42]} {[%emt 00:00:19]} 61. Kg3 {[%clk 00:04:27]} {[%emt
00:01:08]} Kf7 {[%clk 00:24:58]} {[%emt 00:01:48]} 62. h4 {[%clk 00:04:16]}
{[%emt 00:00:16]} Rc6 {[%clk 00:24:47]} {[%emt 00:00:16]} 63. f4 {[%clk
00:04:12]} {[%emt 00:00:09]} exf4+ {[%clk 00:24:31]} {[%emt 00:00:21]} 64.
Rxf4+ {[%clk 00:04:15]} {[%emt 00:00:03]} Kg6 {[%clk 00:24:12]} {[%emt
00:00:22]} 65. Rg4+ {[%clk 00:04:07]} {[%emt 00:00:14]} Kh5 {[%emt 00:00:29]}
66. Rg8 {[%clk 00:04:04]} Rc3+ {[%clk 00:23:07]} {[%emt 00:00:54]} 67. Kh2
{[%clk 00:04:03]} {[%emt 00:00:05]} Kxh4 {[%clk 00:22:54]} {[%emt 00:00:18]}
68. Rh8+ {[%clk 00:04:07]} {[%emt 00:00:02]} Rh5 {[%clk 00:22:34]} {[%emt
00:00:25]} 69. Rd8 {[%clk 00:04:07]} {[%emt 00:00:05]} Rc1 {[%clk 00:22:01]}
{[%emt 00:00:37]} 70. Rd4+ {[%clk 00:04:04]} {[%emt 00:00:08]} Kg5+ {[%clk
00:21:28]} {[%emt 00:00:39]} 71. Kg3 {[%clk 00:04:07]} {[%emt 00:00:02]} Rc3+
{[%clk 00:20:57]} {[%emt 00:00:36]} 72. Kf2 {[%clk 00:04:07]} {[%emt 00:00:05]}
Rh4 {[%clk 00:20:32]} {[%emt 00:00:17]} 73. Rd5+ {[%clk 00:04:07]} {[%emt
00:00:18]} Kf6 {[%clk 00:20:19]} {[%emt 00:00:08]} 74. Rd2 {[%clk 00:04:04]}
{[%emt 00:00:17]} Ke5 {[%clk 00:20:01]} {[%emt 00:00:22]} 75. Re2+ {[%clk
00:04:07]} {[%emt 00:00:03]} Re4 {[%clk 00:19:50]} {[%emt 00:00:17]} 76. Rd2
{[%clk 00:04:11]} {[%emt 00:00:02]} Kf4 {[%clk 00:19:27]} {[%emt 00:00:28]} 77.
Rd6 {[%clk 00:04:07]} {[%emt 00:00:07]} Rc2+ {[%clk 00:18:46]} {[%emt
00:00:47]} 78. Kf1 {[%clk 00:04:09]} {[%emt 00:00:09]} Rb4 {[%clk 00:18:39]}
{[%emt 00:00:15]} 79. Rd1 {[%clk 00:04:04]} {[%emt 00:00:11]} Rbc4 {[%clk
00:18:05]} {[%emt 00:00:38]} 80. Ke1 {[%clk 00:04:01]} {[%emt 00:00:09]} Rxg2
{[%clk 00:17:40]} {[%emt 00:00:30]} 81. Ra1 {[%emt 00:00:13]} *

[Event "DVM U10 2023"]
[Site "Magdeburg GER"]
[Date "2023.12.27"]
[Round "1"]
[White "Botvinnik, Julius"]
[Black "Döscher, Rasmus"]
[Result "1-0"]
[Termination "normal"]
[Board "14.1"]
[WhiteElo "1516"]
[BlackElo "1171"]
[WhiteClock "00:11:44"]
[BlackClock "00:07:29"]
[WhiteTeam "Düsseldorfer SK 14/25"]
[BlackTeam "SK Bremen-Nord"]
[PlyCount "88"]
[WhiteFideId "34612149"]
[BlackFideId "34625038"]
[EventCountry "GER"]
[EventRounds "7"]
[EventType "team-swiss"]
[EventDate "2023.12.27"]

1. d4 {[%clk 00:54:59]} {[%emt 00:00:10]} d5 {[%clk 00:55:01]} {[%emt
00:00:09]} 2. Bf4 {[%clk 00:54:40]} {[%emt 00:00:24]} Nf6 {[%clk 00:53:44]}
{[%emt 00:01:22]} 3. Nf3 {[%clk 00:54:08]} {[%emt 00:00:37]} e6 {[%clk
00:51:52]} {[%emt 00:01:56]} 4. e3 {[%clk 00:53:47]} {[%emt 00:00:27]} Be7
{[%clk 00:51:13]} {[%emt 00:00:44]} 5. c4 {[%clk 00:52:47]} {[%emt 00:01:05]}
O-O {[%clk 00:49:42]} {[%emt 00:01:35]} 6. Be2 {[%clk 00:51:32]} {[%emt
00:01:21]} Nbd7 {[%clk 00:48:32]} {[%emt 00:01:15]} 7. O-O {[%clk 00:51:07]}
{[%emt 00:00:30]} c5 {[%clk 00:46:07]} {[%emt 00:02:30]} 8. Bg3 {[%clk
00:47:12]} {[%emt 00:03:59]} b6 {[%clk 00:44:54]} {[%emt 00:01:19]} 9. Nc3
{[%clk 00:46:20]} {[%emt 00:00:57]} Bb7 {[%clk 00:43:04]} {[%emt 00:01:55]} 10.
h3 {[%clk 00:44:31]} {[%emt 00:01:54]} Re8 {[%clk 00:40:56]} {[%emt 00:02:13]}
11. Nb5 {[%clk 00:44:03]} {[%emt 00:00:34]} Ne4 {[%clk 00:37:04]} {[%emt
00:03:56]} 12. Bh2 {[%clk 00:42:02]} {[%emt 00:02:06]} Rf8 {[%clk 00:34:01]}
{[%emt 00:03:08]} 13. cxd5 {[%clk 00:39:51]} {[%emt 00:02:15]} Bxd5 {[%clk
00:31:46]} {[%emt 00:02:21]} 14. Nc7 {[%clk 00:38:16]} {[%emt 00:01:40]} Rc8
{[%clk 00:31:05]} {[%emt 00:00:46]} 15. Nxd5 {[%clk 00:37:32]} {[%emt
00:00:49]} exd5 {[%clk 00:30:33]} {[%emt 00:00:36]} 16. Ba6 {[%clk 00:36:24]}
{[%emt 00:01:13]} Rc6 {[%clk 00:29:14]} {[%emt 00:01:24]} 17. Bb7 {[%clk
00:35:53]} {[%emt 00:00:38]} Rg6 {[%clk 00:26:39]} {[%emt 00:02:38]} 18. Bxd5
{[%clk 00:35:18]} {[%emt 00:00:40]} Ndf6 {[%clk 00:25:42]} {[%emt 00:01:03]}
19. Bxe4 {[%clk 00:33:56]} {[%emt 00:01:27]} Nxe4 {[%clk 00:25:36]} {[%emt
00:00:11]} 20. Qd3 {[%clk 00:33:10]} {[%emt 00:00:47]} Nf6 {[%clk 00:24:02]}
{[%emt 00:01:43]} 21. Ne5 {[%clk 00:32:12]} {[%emt 00:01:02]} Rg5 {[%clk
00:23:19]} {[%emt 00:00:49]} 22. Nc6 {[%clk 00:28:08]} {[%emt 00:04:07]} Qd7
{[%clk 00:22:59]} {[%emt 00:00:27]} 23. Nxe7+ {[%clk 00:27:52]} {[%emt
00:00:20]} Qxe7 {[%clk 00:22:51]} {[%emt 00:00:12]} 24. Bf4 {[%clk 00:27:40]}
{[%emt 00:00:18]} Rg6 {[%clk 00:22:06]} {[%emt 00:00:50]} 25. Kh2 {[%clk
00:26:42]} {[%emt 00:01:00]} Qb7 {[%clk 00:20:37]} {[%emt 00:01:37]} 26. f3
{[%clk 00:25:26]} {[%emt 00:01:22]} Rd8 {[%clk 00:19:45]} {[%emt 00:00:56]} 27.
Rad1 {[%clk 00:24:15]} {[%emt 00:01:16]} Nh5 {[%clk 00:18:48]} {[%emt
00:01:01]} 28. Qe4 {[%clk 00:22:45]} {[%emt 00:01:36]} Qxe4 {[%clk 00:17:01]}
{[%emt 00:01:52]} 29. fxe4 {[%clk 00:22:43]} {[%emt 00:00:08]} Nxf4 {[%clk
00:16:35]} {[%emt 00:00:31]} 30. Rxf4 {[%clk 00:22:36]} {[%emt 00:00:12]} Re6
{[%clk 00:15:25]} {[%emt 00:01:12]} 31. d5 {[%clk 00:20:35]} {[%emt 00:02:08]}
Red6 {[%clk 00:14:43]} {[%emt 00:00:47]} 32. Rdf1 {[%clk 00:20:09]} {[%emt
00:00:29]} f6 {[%clk 00:14:25]} {[%emt 00:00:25]} 33. Kg3 {[%clk 00:19:42]}
{[%emt 00:00:31]} h5 {[%clk 00:13:37]} {[%emt 00:00:54]} 34. Rf5 {[%clk
00:19:29]} {[%emt 00:00:18]} b5 {[%clk 00:12:52]} {[%emt 00:00:51]} 35. Rxh5
{[%clk 00:19:06]} {[%emt 00:00:27]} Re8 {[%clk 00:12:31]} {[%emt 00:00:28]} 36.
Rh4 {[%clk 00:17:47]} {[%emt 00:01:22]} Re5 {[%clk 00:11:41]} {[%emt 00:00:56]}
37. Rc1 {[%clk 00:15:54]} {[%emt 00:01:55]} c4 {[%clk 00:10:00]} {[%emt
00:01:49]} 38. a4 {[%clk 00:15:47]} {[%emt 00:00:12]} a6 {[%clk 00:09:25]}
{[%emt 00:00:41]} 39. axb5 {[%clk 00:15:25]} {[%emt 00:00:26]} axb5 {[%clk
00:09:18]} {[%emt 00:00:12]} 40. Ra1 {[%clk 00:15:21]} {[%emt 00:00:10]} Rg5+
{[%clk 00:08:44]} {[%emt 00:00:38]} 41. Kf3 {[%clk 00:14:51]} {[%emt 00:00:35]}
f5 {[%clk 00:08:34]} {[%emt 00:00:15]} 42. Ra8+ {[%clk 00:14:05]} {[%emt
00:00:51]} Kf7 {[%clk 00:08:25]} {[%emt 00:00:14]} 43. Kf4 {[%clk 00:12:57]}
{[%emt 00:01:13]} Rxg2 {[%clk 00:07:29]} {[%emt 00:01:01]} 44. Ra7+ {[%clk
00:11:44]} {[%emt 00:01:19]} Ke8 {[%emt 00:00:54]} 1-0

[Event "DVM U10 2023"]
[Site "Magdeburg GER"]
[Date "2023.12.27"]
[Round "1"]
[White "Döscher, Nayla"]
[Black "Estrin, Boris"]
[Result "1-0"]
[Termination "normal"]
[Board "14.2"]
[WhiteElo "1263"]
[BlackElo "1115"]
[WhiteClock "00:28:33"]
[BlackClock "00:45:04"]
[WhiteTeam "SK Bremen-Nord"]
[BlackTeam "Düsseldorfer SK 14/25"]
[PlyCount "61"]
[WhiteFideId "34625046"]
[BlackFideId "34649859"]
[EventCountry "GER"]
[EventRounds "7"]
[EventType "team-swiss"]
[EventDate "2023.12.27"]

1. e4 {[%clk 00:55:08]} {[%emt 00:00:01]} c6 {[%clk 00:55:03]} {[%emt
00:00:07]} 2. d4 {[%emt 00:00:48]} d5 {[%clk 00:54:57]} 3. e5 {[%clk 00:54:18]}
{[%emt 00:00:24]} Bf5 {[%clk 00:54:45]} {[%emt 00:00:16]} 4. Nf3 {[%clk
00:53:34]} {[%emt 00:00:50]} e6 {[%clk 00:53:29]} {[%emt 00:00:19]} 5. Nc3
{[%clk 00:53:00]} {[%emt 00:01:41]} Nd7 {[%clk 00:53:16]} {[%emt 00:00:17]} 6.
Bd3 {[%clk 00:52:25]} {[%emt 00:00:41]} Bxd3 {[%clk 00:53:05]} {[%emt
00:00:16]} 7. Qxd3 {[%clk 00:52:17]} {[%emt 00:00:13]} Bb4 {[%clk 00:52:41]}
{[%emt 00:00:28]} 8. O-O {[%clk 00:51:56]} {[%emt 00:00:27]} Ne7 {[%clk
00:52:36]} {[%emt 00:00:10]} 9. Bg5 {[%clk 00:49:32]} {[%emt 00:02:28]} O-O
{[%clk 00:52:03]} {[%emt 00:00:38]} 10. a3 {[%clk 00:48:56]} {[%emt 00:00:43]}
Ba5 {[%clk 00:51:46]} {[%emt 00:00:21]} 11. b4 {[%clk 00:48:52]} {[%emt
00:00:10]} Bb6 {[%clk 00:51:39]} {[%emt 00:00:11]} 12. Na4 {[%clk 00:48:21]}
{[%emt 00:00:37]} Re8 {[%clk 00:51:31]} {[%emt 00:00:11]} 13. Nxb6 {[%clk
00:46:50]} {[%emt 00:01:37]} Qxb6 {[%clk 00:51:24]} {[%emt 00:00:12]} 14. Bxe7
{[%clk 00:45:30]} {[%emt 00:01:24]} Rxe7 {[%clk 00:50:55]} {[%emt 00:00:34]}
15. Ng5 {[%clk 00:44:22]} {[%emt 00:01:14]} Nf8 {[%clk 00:50:46]} {[%emt
00:00:14]} 16. Rad1 {[%clk 00:42:27]} {[%emt 00:02:00]} h6 {[%clk 00:50:22]}
{[%emt 00:00:28]} 17. Nh3 {[%clk 00:40:56]} {[%emt 00:01:36]} Ng6 {[%clk
00:49:59]} {[%emt 00:00:28]} 18. Qg3 {[%clk 00:39:45]} {[%emt 00:01:14]} Rf8
{[%clk 00:49:41]} {[%emt 00:00:25]} 19. Nf4 {[%clk 00:39:25]} {[%emt 00:00:26]}
Nxf4 {[%clk 00:48:59]} {[%emt 00:00:44]} 20. Qxf4 {[%clk 00:39:23]} {[%emt
00:00:08]} Qd8 {[%clk 00:48:12]} {[%emt 00:00:53]} 21. Rd3 {[%clk 00:38:15]}
{[%emt 00:01:13]} f6 {[%clk 00:47:53]} {[%emt 00:00:24]} 22. Rg3 {[%clk
00:37:04]} {[%emt 00:01:17]} fxe5 {[%clk 00:47:40]} {[%emt 00:00:18]} 23. Qxe5
{[%clk 00:36:31]} {[%emt 00:00:38]} Qe8 {[%clk 00:47:14]} {[%emt 00:00:30]} 24.
Qe3 {[%clk 00:35:06]} {[%emt 00:01:31]} Qh5 {[%clk 00:46:50]} {[%emt 00:00:29]}
25. Rh3 {[%clk 00:33:06]} {[%emt 00:02:04]} Qg6 {[%clk 00:46:40]} {[%emt
00:00:15]} 26. Rg3 {[%clk 00:32:16]} {[%emt 00:00:56]} Qh7 {[%clk 00:46:34]}
{[%emt 00:00:10]} 27. c3 {[%clk 00:31:29]} {[%emt 00:00:53]} Rf6 {[%clk
00:45:54]} {[%emt 00:00:44]} 28. Qe5 {[%clk 00:30:27]} {[%emt 00:01:08]} Rg6
{[%clk 00:45:36]} {[%emt 00:00:22]} 29. Rf3 {[%clk 00:28:49]} {[%emt 00:01:44]}
Rf7 {[%clk 00:45:13]} {[%emt 00:00:28]} 30. Qb8+ {[%clk 00:28:33]} {[%emt
00:00:20]} Rf8 {[%clk 00:45:04]} {[%emt 00:00:14]} 31. Qxf8# {[%emt 00:00:32]}
1-0

[Event "DVM U10 2023"]
[Site "Magdeburg GER"]
[Date "2023.12.27"]
[Round "1"]
[White "Willems, Lasse"]
[Black "Heins, Simon"]
[Result "0-1"]
[Termination "normal"]
[Board "15.1"]
[WhiteElo "1133"]
[BlackElo "1377"]
[WhiteClock "00:25:52"]
[BlackClock "00:44:19"]
[WhiteTeam "SC Ramstein-Miesenbach"]
[BlackTeam "Hamburger SK 1830"]
[PlyCount "50"]
[BlackFideId "34660194"]
[EventCountry "GER"]
[EventRounds "7"]
[EventType "team-swiss"]
[EventDate "2023.12.27"]

1. c4 {[%clk 00:55:09]} {[%emt 00:00:01]} e5 {[%clk 00:54:54]} {[%emt
00:00:16]} 2. a3 {[%clk 00:54:58]} {[%emt 00:00:15]} c6 {[%clk 00:54:48]}
{[%emt 00:00:12]} 3. b4 {[%clk 00:48:56]} {[%emt 00:06:07]} d5 {[%clk
00:54:25]} {[%emt 00:00:28]} 4. e3 {[%clk 00:48:51]} {[%emt 00:00:10]} Be6
{[%clk 00:54:07]} {[%emt 00:00:22]} 5. Qb3 {[%clk 00:48:11]} {[%emt 00:00:46]}
Nf6 {[%clk 00:53:53]} {[%emt 00:00:19]} 6. Bb2 {[%clk 00:47:50]} {[%emt
00:00:26]} Nbd7 {[%clk 00:53:46]} {[%emt 00:00:12]} 7. d4 {[%clk 00:46:37]}
{[%emt 00:01:18]} e4 {[%clk 00:53:09]} {[%emt 00:00:42]} 8. Nc3 {[%clk
00:46:05]} {[%emt 00:00:37]} Nb6 {[%clk 00:52:43]} {[%emt 00:00:31]} 9. c5
{[%clk 00:45:48]} {[%emt 00:00:22]} Nc4 {[%clk 00:52:12]} {[%emt 00:00:37]} 10.
Bxc4 {[%emt 00:00:43]} dxc4 {[%clk 00:52:10]} {[%emt 00:00:04]} 11. Qc2 {[%clk
00:45:08]} {[%emt 00:00:09]} Bd5 {[%clk 00:52:01]} {[%emt 00:00:14]} 12. Nge2
{[%clk 00:44:41]} {[%emt 00:00:32]} Qd7 {[%clk 00:51:44]} {[%emt 00:00:23]} 13.
Nf4 {[%clk 00:43:38]} {[%emt 00:01:07]} Be7 {[%clk 00:50:53]} {[%emt 00:00:56]}
14. O-O-O {[%clk 00:43:18]} {[%emt 00:00:25]} a5 {[%clk 00:50:36]} {[%emt
00:00:22]} 15. Qa4 {[%clk 00:42:32]} {[%emt 00:00:50]} O-O {[%clk 00:49:51]}
{[%emt 00:00:50]} 16. Nfxd5 {[%clk 00:41:10]} {[%emt 00:01:27]} Nxd5 {[%clk
00:49:14]} {[%emt 00:00:43]} 17. Nxd5 {[%clk 00:39:06]} {[%emt 00:02:09]} Qxd5
{[%clk 00:48:23]} {[%emt 00:00:56]} 18. b5 {[%clk 00:38:46]} {[%emt 00:00:25]}
cxb5 {[%clk 00:47:54]} {[%emt 00:00:34]} 19. Qxb5 {[%clk 00:38:31]} {[%emt
00:00:20]} b6 {[%clk 00:47:45]} {[%emt 00:00:14]} 20. Bc3 {[%clk 00:37:05]}
{[%emt 00:01:30]} Rfb8 {[%clk 00:46:22]} {[%emt 00:01:28]} 21. Qb2 {[%clk
00:30:15]} {[%emt 00:06:55]} bxc5 {[%emt 00:00:21]} 22. Qa2 {[%clk 00:29:26]}
{[%emt 00:00:52]} Rb3 {[%clk 00:45:36]} {[%emt 00:00:38]} 23. Be1 {[%clk
00:28:18]} {[%emt 00:01:13]} cxd4 {[%clk 00:44:58]} {[%emt 00:00:42]} 24. Rxd4
{[%clk 00:27:44]} {[%emt 00:00:39]} Qb5 {[%clk 00:44:29]} {[%emt 00:00:35]} 25.
Rxe4 {[%clk 00:25:52]} {[%emt 00:01:56]} Bxa3+ {[%clk 00:44:19]} {[%emt
00:00:15]} 0-1